00328 2200145 4500001002100000005001500021035002000036245004900056100001500105300001100120260001600131082000800147084001400155990001300169INLIS00000000000237220250528113312 a0010-05250006641 aCinta Itu Berkah Bukan Musibah /cSholeh Uge0 aSholeh Uge a88 hlm bAmor,c2006 a813 a813 SHO c a07.12272